Teams with 10+ Year Spell in the German Bundesliga - Statistics

General Stats
  • This quiz has been taken 200 times
  • The average score is 18 of 23
Answer Stats
Team Longest Spell Longest Spell Seasons % Correct
FC Bayern Munich 54 1965-present
100%
Borussia Dortmund 43 1976-present
98%
Hamburger SV 55 1963-2018
95%
Bayer 04 Leverkusen 40 1979-present
93%
Werder Bremen 38 1981-present
91%
1. FC Köln 35 1963-1998
89%
VfB Stuttgart 39 1977-2016
89%
FC Schalke 04 28 1991-present
88%
Hertha BSC 13 1997-2010
87%
Borussia Mönchengladbach 34 1965-1999
86%
Eintracht Frankfurt 33 1963-1996
84%
Hannover 96 14 2002-2016
84%
1899 Hoffenheim 11 2008-present
83%
1. FC Kaiserslautern 33 1963-1996
79%
1. FSV Mainz 05 10 2009-present
78%
VfL Wolfsburg 22 1997-present
78%
VfL Bochum 22 1971-1993
72%
Fortuna Düsseldorf 16 1971-1987
71%
TSV 1860 München 10 1994-2004
70%
MSV Duisburg 19 1963-1982
57%
Eintracht Braunschweig 10 1963-1973
52%
Hansa Rostock 10 1995-2005
47%
Karlsruher SC 11 1987-1998
46%
No matching quizzes found
Score Distribution
Percent of People with Each Score
Percentile by Number Answered
Your Score History
You have not taken this quiz